000 00749nam a22002777a 4500
003 UA-OsUOA
001 21788
007 ta
008 20031213b un ||||| |||| 00| 0 ukr d
100 _aЧери С.
700 _aГотлоб Г.
700 _aТанка Л.
090 _a004.4
_bЧ-49
942 _cBK
040 _aUA-OsUOA
_brus
_cUA-OsUOA
_dUA-OsUOA
245 _aЛогическое программирование и базы данных
_bПеревод с английского
_cПер. Л.А.Калиниченко
300 _a352 с.
955 _a0
041 _arus
080 _a004.4
020 _a5-03-002472-7
260 _aМосква
_bМир
_c1992
044 _aRU
650 7 _2UDC
999 _c307995
_d307995